000 00569nam a22001937a 4500
005 20251108170754.0
008 250721s2003 xx 000 0 ara d
082 1 4 _a611/يوس
100 1 _aيوسف، وليد
245 1 0 _aعلم الأنسجة :
_bالنسيج الرابط - العظم - العضروف ....... /
264 1 _aعمان :
_bالأهلية،
_c2003.
300 _a401ص.
650 1 7 _aعلم الأنسجة
650 1 7 _aالعظام
650 1 7 _aالغضروف
700 1 _aالحمود، محمد
942 _2ddc
_cBK
999 _c48612
_d48612